| 000 | 01107nam a2200229Ia 4500 | ||
|---|---|---|---|
| 003 | Ost | ||
| 005 | 20260507075040.0 | ||
| 008 | 260507s9999||||xx |||||||||||||| ||und|| | ||
| 020 | _a7655919977 | ||
| 040 | _cfsecg | ||
| 041 | _aara | ||
| 082 | _a330 | ||
| 100 |
_aالخضيري، محسن أحمد _eمؤلف |
||
| 245 | 0 |
_aغسيل الأموال : _bالظاهرة-الأسباب-العلاج / _c محسن أحمد الخضيري |
|
| 260 |
_aالقاهرة: _bمجموعة النيل العربية, _c2003 |
||
| 300 |
_a208 صفحة؛ _c24 سم |
||
| 520 | _aطبيعة النشاط الاجرامي، ماهية جريمة غسل الأموال، مجالات غسل الأموال، كيف تتم جريمة غسل الأموال؟، وسائل الكشف وعلامات الإنذار المبكر عن جريمة غسل الأموال، مكافحة جريمة غسيل الأموال، دور البنوك في مكافحة غسيل الأموال | ||
| 653 | _aالبنوك | ||
| 653 | _aالجرائم الاقتصادية | ||
| 653 | _aجرائم الأموال | ||
| 942 | _cكتاب | ||
| 999 |
_c42494 _d42494 |
||